000 00533cam a2200193 a 4500
001 000008811
005 20200929161418.0
008 980806s1996 mx 001 1 spa
020 _a9681902815
040 _aDO-SdBNP
_bspa
_cBNPHU
082 _aCu863.44
_bB261c
100 1 _aBarnet, Miguel,
_d1940-
_914781
245 1 0 _aCanción de Rachel /
_cMiguel Barnet.
260 _aMéxico :
_bAlfaguara,
_c1996.
300 _a142 p. ;
_c22 cm.
490 0 _aGiraldilla
650 4 _aNovela cubana
_92316
650 4 _aLiteratura cubana
_91483
999 _c8580
_d8580